| 000 | 01563nam0a2200289 4500 | ||
|---|---|---|---|
| 001 | RU\NLR\BIBL_A\011473762 | ||
| 005 | 20240921162855.0 | ||
| 010 |
_a9785852187581 _9100 |
||
| 021 |
_aRU _b2017-62259 _94409 |
||
| 035 | _a(RuMoRGB)009367272 | ||
| 035 | _a(NLR Aleph) 011473762 | ||
| 090 |
_a11867762 _c11867762 |
||
| 100 | _a20170918d2014 u y0rusy50 ca | ||
| 101 | 0 | _arus | |
| 102 | _aRU | ||
| 105 | _aa zzzz||||1yy | ||
| 200 | 1 |
_aВведение в историю мировых цивилизаций _eучебное пособие _fВ. А. Порозов _g[предисловие Е. М. Калашниковой] _gМинистерство образования и науки Российской Федерации, Федеральное государственное бюджетное образовательное учреждение высшего профессионального образования "Пермский государственный гуманитарно-педагогический университет" |
|
| 210 |
_aПермь _cПГГПУ _d2014 |
||
| 215 |
_a134 с. _cил. _d21 |
||
| 320 | _aБиблиогр. в тексте | ||
| 606 | 1 |
_aЦивилизации _jУчебные издания для высших учебных заведений _xИстория _92116216 _3RU\NLR\AUTH\661278420 |
|
| 686 | 1 | _aТ3(0)я73 | |
| 700 | 1 |
_aПорозов _bВ. А. _gВладимир Александрович |
|
| 942 | _cBOOK | ||
| 980 | _aNBR | ||